| 000 | 00482cam a2200181ua 4500 | ||
|---|---|---|---|
| 020 | _c12.00 | ||
| 041 |
_aeng _h |
||
| 082 |
_a028.73 491 _bPAT/BH |
||
| 100 | _aPathak, R C . | ||
| 245 | 0 | 0 |
_aBhargava`s standard illustrated dictionary of the English language / _cR C Pathak. _hTextual Documents |
| 250 |
_a11 / _b. |
||
| 260 |
_aVaranasi : _bBhargava book depot , _c1963. |
||
| 300 | _a1432 ; . | ||
| 365 | _a12.00 | ||
| 504 | _a | ||
| 942 | _cBK | ||
| 999 |
_c9000 _d9000 |
||